Tous les clubs ayant participé au Challenge européen de rugby à XV. - Statistiques

Statistiques générales
  • Ce quiz a été pris 58 fois
    8 depuis la dernière actualisation
  • Le résultat moyen est 45 sur 113
Statistiques - réponses
Clubs % Correct
Stade toulousain
88%
Biarritz olympique
75%
Castres olympique
75%
Ulster Rugby
75%
ASM Clermont
75%
RC Toulon
75%
Section paloise
75%
Union Bordeaux Bègles
75%
Lyon OU
75%
Munster Rugby
75%
CA Bègles-Bordeaux
75%
Montpellier HR
75%
Aviron bayonnais
75%
RC Vannes
75%
Cardiff Rugby
63%
Leicester Tigers
63%
Wasps
63%
Northampton Saints
63%
Glasgow Warriors
63%
US Montauban
63%
Stade rochelais
63%
Silea Rugby 1981
63%
CA Brive
63%
Pontypridd RFC
63%
Benetton Trévise
63%
Treorchy RFC
63%
Bath rugby
50%
Harlequins
50%
Leinster Rugby
50%
Llanelli Scarlets
50%
Saracens
50%
Sale Sharks
50%
SU Agen
50%
AS Béziers
50%
Racing 92
50%
US Oyonnax
50%
Exeter Chiefs
50%
Stade montois
50%
Swansea RFC
50%
Stade français Paris
50%
Rugby Rome
50%
USA Perpignan
50%
Edimbourg Rugby
50%
Zebre
50%
Connacht Rugby
50%
Black Lion
50%
Ospreys
50%
RC Narbonne
50%
CS Bourgoin-Jallieu
38%
Gloucester rugby
38%
Newcastle Red Bulls
38%
Sharks
38%
Bristol Bears
38%
US Dax
38%
FC Grenoble
38%
Dunvant RFC
38%
Aberavon RFC
38%
Neath RFC
38%
Bridgend RFC
38%
Romanian Wolves
38%
London Irish
38%
Ebbw Vale RFC
38%
Parme rugby
38%
Lions
38%
Worcester Warriors
38%
Dinamo Bucarest
38%
Nissa Rugby
38%
GRAN Parme rugby
38%
Steaua Bucarest
38%
Dragons
38%
SC Albi
38%
Rugby Bologne 1928
38%
CRC Pozuelo
25%
Newbridge RFC
25%
Olympus Madrid
25%
Newport RFC
25%
Cross Keys RFC
25%
Rugby Calvisano
25%
SCM Rugby Timișoara
25%
London Welsh
25%
Cheetahs
25%
Ienisseï-STM
25%
Bedford Blues
25%
Stade aurillacois
25%
Caerphilly RFC
25%
Lusitanos XV
25%
Club Alcobendas rugby
25%
AA Coimbra
13%
US Colomiers
13%
La Vila rugby
13%
Portugal
13%
Espagne
13%
Valladolid RAC
13%
Gernika RT
13%
RCJ Farul Constanța
13%
Orrell RUFC
13%
Rugby Lyons Plaisance
13%
L'Aquila Rugby
13%
Amatori Catane
13%
Leeds Tykes
13%
Petrarca Padoue
13%
Rugby Viadana
13%
Richmond FC
13%
Border Reivers
13%
Rotherham Titans
13%
Rugby Brescia
13%
Krasny Iar
13%
Mogliano Rugby SSD
13%
Cavalieri Prato
13%
CA Périgueux
13%
El Salvador Rugby
13%
FC Auch
13%
Rugby Rovigo
13%
Aucun quiz correspondant
Distribution des résultats
% des personnes avec chaque résultat
Percentile par nombre de réponses
Votre historique - résultats
Vous n’avez pas pris ce quiz depuis la dernière actualisation